Geography Quiz

Random Geography or Verse Quiz

Lyrics: Peruvian National Anthem (Verses 1-6) Quiz Stats

 Plays Quiz not verified by Sporcle

Score 0/276 Timer 10:00
0 Plays Today
Answer % Correct
Largo
100%
tiempo
100%
el
100%
peruano
100%
oprimido
100%
la
100%
ominosa
100%
cadena
100%
arrastró
100%
condenado
100%
a
50%
una
50%
cruel
50%
servidumbre
50%
largo
50%
tiempo
50%
largo
50%
tiempo
50%
largo
50%
tiempo
50%
en
50%
silencio
50%
gimió
50%
Mas
50%
apenas
50%
el
50%
grito
50%
sagrado
50%
Libertad
50%
en
50%
sus
50%
costas
50%
se
50%
oyó
50%
la
50%
indolencia
50%
de
50%
esclavo
50%
sacude
50%
la
50%
humillada
50%
la
50%
humillada
50%
la
50%
humillada
50%
cerviz
50%
levantó
50%
la
50%
humillada
50%
cerviz
50%
levantó
50%
cerviz
50%
levantó
50%
Y
0%
al
0%
estruendo
0%
de
0%
broncas
0%
cadenas
0%
que
0%
escucharon
0%
tres
0%
siglos
0%
de
0%
horror
0%
de
0%
los
0%
libres
0%
al
0%
grito
0%
sagrado
0%
que
0%
oyó
0%
atónito
0%
el
0%
mundo
0%
cesó
0%
Por
0%
doquier
0%
San
0%
Martín
0%
inflamado
0%
libertad
0%
libertad
0%
pronunció
0%
y
0%
meciendo
0%
su
0%
base
0%
los
0%
Andes
0%
la
0%
Answer % Correct
anunciaron
0%
también
0%
a
0%
una
0%
voz
0%
Con
0%
su
0%
influjo
0%
los
0%
pueblos
0%
despiertan
0%
y
0%
cual
0%
rayo
0%
corrió
0%
la
0%
opinión
0%
desde
0%
el
0%
istmo
0%
a
0%
las
0%
tierras
0%
del
0%
fuego
0%
desde
0%
el
0%
fuego
0%
a
0%
la
0%
helada
0%
región
0%
Todos
0%
juran
0%
romper
0%
el
0%
enlace
0%
que
0%
Natura
0%
a
0%
ambos
0%
mundos
0%
negó
0%
y
0%
quebrar
0%
ese
0%
cetro
0%
que
0%
España
0%
reclinaba
0%
orgullosa
0%
en
0%
los
0%
dos
0%
Lima
0%
cumple
0%
su
0%
voto
0%
solemne
0%
y
0%
severa
0%
su
0%
enojo
0%
mostró
0%
al
0%
tirano
0%
impotente
0%
lanzado
0%
que
0%
intentaba
0%
alargar
0%
su
0%
opresión
0%
A
0%
su
0%
esfuerzo
0%
saltaron
0%
los
0%
grillos
0%
y
0%
los
0%
surcos
0%
que
0%
en
0%
0%
reparó
0%
le
0%
atizaron
0%
el
0%
odio
0%
y
0%
venganza
0%
Answer % Correct
que
0%
heredó
0%
de
0%
su
0%
Inca
0%
y
0%
Señor
0%
Compatriotas
0%
no
0%
más
0%
verla
0%
esclava
0%
Si
0%
humillada
0%
tres
0%
siglos
0%
gimió
0%
para
0%
siempre
0%
jurémosla
0%
libre
0%
manteniendo
0%
su
0%
propio
0%
esplendor
0%
Nuestros
0%
brazos
0%
hasta
0%
hoy
0%
desarmados
0%
estén
0%
siempre
0%
cebando
0%
el
0%
cañón
0%
que
0%
algún
0%
día
0%
las
0%
playas
0%
de
0%
Iberia
0%
sentirán
0%
de
0%
su
0%
estruendo
0%
el
0%
terror
0%
Excitemos
0%
los
0%
celos
0%
de
0%
España
0%
pues
0%
presiente
0%
con
0%
mengua
0%
y
0%
furor
0%
que
0%
en
0%
concurso
0%
de
0%
grandes
0%
naciones
0%
nuestra
0%
patria
0%
entrará
0%
en
0%
parangón
0%
En
0%
la
0%
lista
0%
que
0%
de
0%
éstas
0%
se
0%
forme
0%
llenaremos
0%
primero
0%
el
0%
reglón
0%
que
0%
el
0%
tirano
0%
ambicioso
0%
que
0%
Iberino
0%
la
0%
América
0%
todo
0%
asoló
0%

You're not logged in!

Compare scores with friends on all Sporcle quizzes.
OR
Log In

Sporcle TV

Today on Sporcle TV


Watch our educational content, quiz creation guides, and fun videos on Sporcle TV.

Show Comments

Extras

Top Quizzes Today


Score Distribution

Your Account Isn't Verified!

In order to create a playlist on Sporcle, you need to verify the email address you used during registration. Go to your Sporcle Settings to finish the process.

Report this User

Report this user for behavior that violates our Community Guidelines.

Details: